000 00645nam a2200229Ia 4500
001 21649
003 GE_BSU
008 181216s||||||||xx |||||||||||||| ||und||
040 _cGE_BSU
080 _a811.112
100 _aLevinson S. C.
245 _aPragmatik: Konzepte der Sprach- und Literaturwissenschaft
245 _cneu ubersetzt(თარგმნა)Martina Wiese
260 _aTubingen
260 _bMax Niemeyer Verlag
260 _c2000
300 _a476 p. 22cm.
541 _h15 Gel.
653 _aPragmatik: Konzepte der Sprach- und Literaturwissenschaft
653 _aგერმანული ენა
942 _cBK
999 _c54583
_d54583